000 01598nam a2200361 c 4500
003 BLK
005 20250128005511.0
008 180408b bul|||||r ||||||| ||bul||
010 _aKNG00036032000
020 _a954-88-23-365
_bиздат.: Македония прес - (грешен)
020 _a954-8823-36-5
_bиздат.: Македония прес - (попр.)
040 _aBLK
041 _aBUL
_cBUL
080 _aВътрешна политика. Вж и 329
_b323
_x.001.18(497.2)
_z323.001.18(497.2)
080 _aИкономическо положение. Конюнктура. Стопанска структура - Развитие. Икономически растеж . Вж и 330.33/.36
_b338.1
_x.001.18(497.2)
_z338.1.001.18(497.2)
100 1 _aХаджи, Михаил К.
_eпърви автор
_9272915
139 _aАлтънков, Никола Г.
_bА 58
245 1 0 _aБългария малък тигър
_bСтратегия ХХI век
_cМихаил К. Хаджи.
257 _aBGR
260 София
_bМакедония прес
_c2000
_fСофия : Офсетграфик
300 _a128 с.
_c21 см
380 _a3
650 0 _aБългария - вътрешна политика
_9241559
650 4 _aБългария - стопанска политика
_9269884
653 _aБългария
653 _aстопанство
852 _aЦб 208154
856 4 _qpdf
_u
856 4 _qpdf
_u
942 _cKNG
_n0
944 _aCR
_c10.03.2003
_k
_lCRON CRON
944 _aED
_c07.11.2003
_k
999 _c33343
_d33343